European capitals - Statistics

General Stats
  • This quiz has been taken 12 times
  • The average score is 32 of 45
Answer Stats
Hint Answer % Correct
Netherlands Amsterdam
100%
Germany Berlin
100%
Belgium Brussels
100%
France Paris
100%
Sweden Stockholm
100%
Greece Athens
89%
Switzerland Bern
89%
Ireland Dublin
89%
Finland Helsinki
89%
Ukraine Kyiv
89%
Portugal Lisbon
89%
Luxembourg Luxembourg
89%
Spain Madrid
89%
Monaco Monaco
89%
Russia Moscow
89%
Norway Oslo
89%
Czechia Prague
89%
Latvia Riga
89%
Italy Rome
89%
Austria Vienna
89%
Poland Warsaw
89%
Hungary Budapest
78%
Denmark Copenhagen
78%
United Kingdom London
78%
Iceland Reykjavik
78%
Estonia Tallinn
78%
Malta Valletta
78%
Belarus Minsk
67%
San Marino San Marino
67%
Vatican City Vatican City
67%
Andorra Andorra la Vella
56%
Slovakia Bratislava
56%
Romania Bucharest
56%
Lithuania Vilnius
56%
Croatia Zagreb
56%
Serbia Belgrade
44%
Bosnia & Herzegovina Sarajevo
44%
Bulgaria Sofia
44%
Liechtenstein Vaduz
44%
Moldova Chisinau
33%
Slovenia Ljubljana
33%
Montenegro Podgorica
33%
Kosovo Pristina
33%
North Macedonia Skopje
33%
Albania Tirana
33%
No matching quizzes found
Score Distribution
Percent of People with Each Score
Percentile by Number Answered
Your Score History
You have not taken this quiz